[Event "26th EUR-ch"]
[Site "Katowice POL"]
[Date "2026.04.14"]
[Round "7.182"]
[White "Mizzi, Jack"]
[Black "Ilgililer, Bertug"]
[Result "1-0"]
[WhiteElo "2192"]
[BlackElo "1996"]
[EventDate "2026.04.07"]
[PlyCount "101"]

1.Nf3 d5 2.e3 Nf6 3.b3 Bf5 4.Bb2 e6 5.c4 c6 6.Nc3 Bd6 7.d4 Nbd7 8.Bd3 Bxd3
9.Qxd3 O-O 10.O-O Re8 11.e4 dxe4 12.Nxe4 Nxe4 13.Qxe4 Nf6 14.Qc2 Qc7 15.
Rfe1 Rad8 16.Rad1 Be7 17.Qb1 Nd7 18.Re4 Bf6 19.g4 c5 20.g5 Bxd4 21.Nxd4 
cxd4 22.Rdxd4 Nf8 23.h4 Rxd4 24.Rxd4 Ng6 25.Qc1 e5 26.Qe3 Qc6 27.Re4 Nf4 
28.f3 f6 29.Bc1 Qd7 30.Qe1 Nd3 31.Qd1 Rd8 32.gxf6 gxf6 33.Rg4+ Kh8 34.Bh6 
Rg8 35.Qe2 Rxg4+ 36.fxg4 Qd4+ 37.Kh2 Nf2 38.Kg3 Ne4+ 39.Kg2 Nc3 40.Qf3 Ne4
41.Qf5 Qb2+ 42.Kf3 Nd2+ 43.Kg3 Nf1+ 44.Qxf1 Qc3+ 45.Qf3 Qe1+ 46.Qf2 Qc3+ 
47.Qe3 Qa1 48.Qxa7 Qe1+ 49.Qf2 Qc3+ 50.Qf3 Qe1+ 51.Kh3 1-0

[Event "26th EUR-ch"]
[Site "Katowice POL"]
[Date "2026.04.14"]
[Round "7.183"]
[White "Zakin, Lior"]
[Black "Lecki, Leonard"]
[Result "0-1"]
[WhiteElo "1986"]
[BlackElo "2189"]
[EventDate "2026.04.07"]
[PlyCount "44"]

1.e4 d5 2.exd5 Qxd5 3.Nc3 Qa5 4.d4 Nf6 5.Bc4 Bg4 6.Ne2 Nc6 7.Bb5 e6 8.Bd2 
Bb4 9.f3 Bf5 10.Kf1 O-O 11.a4 Rad8 12.Bg5 Nxd4 13.Bxf6 gxf6 14.Bd3 Nxc2 
15.Bxc2 Rxd1+ 16.Bxd1 Rd8 17.g4 Bg6 18.h4 Rd2 19.Rc1 Bd3 20.Rh3 Bxc3 21.
bxc3 Qe5 22.f4 Rxd1+ 0-1

[Event "26th EUR-ch"]
[Site "Katowice POL"]
[Date "2026.04.14"]
[Round "7.184"]
[White "Udelnov, Valentin"]
[Black "Dovbysh, Timur"]
[Result "1-0"]
[WhiteElo "2186"]
[BlackElo "1984"]
[EventDate "2026.04.07"]
[PlyCount "81"]

1.e4 c5 2.Nf3 Nc6 3.d4 cxd4 4.Nxd4 Nf6 5.Nc3 e5 6.Ndb5 d6 7.Nd5 Nxd5 8.
exd5 Ne7 9.c4 Ng6 10.Qa4 Bd7 11.Qb4 Qb8 12.h4 h5 13.g3 Be7 14.Bg5 f5 15.
Be2 a6 16.Nc3 e4 17.a4 Ne5 18.Bf4 Bf6 19.a5 g6 20.Na4 Bxa4 21.Qxa4+ Ke7 
22.O-O Nf7 23.f3 exf3 24.Bxf3 Bxb2 25.Rae1+ Be5 26.c5 Qa7 27.Kh1 Qxc5 28.
Rb1 Rab8 29.Rfc1 Qf2 30.Rc7+ Kf6 31.Bg2 Rhc8 32.Rxf7+ Kxf7 33.Qd7+ Kg8 34.
Qe6+ Kg7 35.Bxe5+ dxe5 36.Qe7+ Kh6 37.Qg5+ Kg7 38.Rb6 Qe1+ 39.Kh2 Rc6 40.
dxc6 Qxa5 41.c7 1-0

[Event "26th EUR-ch"]
[Site "Katowice POL"]
[Date "2026.04.14"]
[Round "7.185"]
[White "Konopka, Jeremie"]
[Black "Majcher, Igor"]
[Result "1/2-1/2"]
[WhiteElo "1930"]
[BlackElo "2184"]
[EventDate "2026.04.07"]
[PlyCount "96"]

1.e4 c5 2.Nf3 e6 3.d4 cxd4 4.Nxd4 Nc6 5.Be3 Nf6 6.Bd3 d5 7.Nxc6 bxc6 8.
exd5 cxd5 9.Nd2 Bd6 10.O-O O-O 11.h3 h6 12.c3 Bb7 13.f4 Qc8 14.Nf3 Ba6 15.
Rc1 Bxd3 16.Qxd3 Qb8 17.Nd2 Nh5 18.Qd4 Ng3 19.Rf2 Nf5 20.Qd3 Nxe3 21.Qxe3 
Qb6 22.Qxb6 axb6 23.Nb3 Rxa2 24.Re1 Ra4 25.g3 g5 26.Ref1 gxf4 27.gxf4 Kh7 
28.Nd4 Rg8+ 29.Kh2 Ra2 30.Re2 Rg6 31.Nb5 Bb8 32.Kh1 Kg7 33.f5 Rg3 34.fxe6 
Rxh3+ 35.Kg1 fxe6 36.Nd4 e5 37.Rg2+ Kh7 38.Rf7+ Kh8 39.Rfg7 Ra1+ 40.Kf2 
Rh2 41.Rg8+ Kh7 42.Rg7+ Kh8 43.Rf7 Rh3 44.Nf5 Ra2 45.Kg1 Ra1+ 46.Kf2 Ra7 
47.Rf8+ Kh7 48.Rxb8 Rf7 1/2-1/2

[Event "26th EUR-ch"]
[Site "Katowice POL"]
[Date "2026.04.14"]
[Round "7.186"]
[White "Pehar, Borna"]
[Black "Tyshniuk, Roman"]
[Result "1-0"]
[WhiteElo "2183"]
[BlackElo "1931"]
[EventDate "2026.04.07"]
[PlyCount "79"]

1.e4 c5 2.Nf3 e6 3.b3 Nf6 4.e5 Nd5 5.g3 d6 6.Bb2 Nc6 7.exd6 Qxd6 8.Bg2 f6 
9.Na3 Be7 10.O-O O-O 11.d4 Rd8 12.Qe2 cxd4 13.Nb5 d3 14.Qxd3 Qc5 15.Qe2 a6
16.Nbd4 Nxd4 17.Nxd4 e5 18.c4 Nf4 19.gxf4 exd4 20.Bd5+ Rxd5 21.cxd5 Bh3 
22.Rfd1 Qxd5 23.Qc4 Qxc4 24.bxc4 Be6 25.Rxd4 Bc5 26.Re4 Bf5 27.Ree1 Bb4 
28.Red1 Bg4 29.Rd3 Be2 30.Rd7 b6 31.Bd4 Bg4 32.Rb7 Rc8 33.Bxb6 Rxc4 34.Be3
Bf3 35.Ra7 Bc5 36.Rc7 Bd4 37.Rxc4 Bxa1 38.Bd4 Bxd4 39.Rxd4 Kf7 40.f5 1-0

[Event "26th EUR-ch"]
[Site "Katowice POL"]
[Date "2026.04.14"]
[Round "7.187"]
[White "Ugorek, Kacper"]
[Black "Namyslak, Piotr"]
[Result "1/2-1/2"]
[WhiteElo "2181"]
[BlackElo "1953"]
[EventDate "2026.04.07"]
[PlyCount "191"]

1.e4 e6 2.d4 d5 3.Nc3 dxe4 4.Nxe4 Bd7 5.Nf3 Bc6 6.Bd3 Nd7 7.O-O Ngf6 8.Re1
Nxe4 9.Bxe4 Bxe4 10.Rxe4 Be7 11.Rg4 Bf6 12.h4 h5 13.Re4 c6 14.c4 Qa5 15.
Bd2 Qf5 16.Qe2 O-O 17.Re1 c5 18.Bc3 Rfd8 19.g3 cxd4 20.Nxd4 Qg6 21.b4 a5 
22.a3 axb4 23.axb4 Ra3 24.Qb2 Rda8 25.c5 Ra2 26.Qc1 Bxd4 27.Bxd4 Nf6 28.
Bxf6 Qxf6 29.Rf4 Qg6 30.Kg2 R8a3 31.Re3 Rxe3 32.Qxe3 Qb1 33.Qf3 Ra1 34.Kh3
Qf1+ 35.Qg2 Kf8 36.Rd4 Qxg2+ 37.Kxg2 Rb1 38.Rd8+ Ke7 39.Rb8 Rxb4 40.c6 Kd6
41.cxb7 Kc6 42.Rg8 Rxb7 43.Rxg7 Kd6 44.Rh7 Ke7 45.Rxh5 Rb2 46.g4 Kf6 47.
Rh6+ Kg7 48.g5 Rb4 49.Kg3 Rb3+ 50.Kg4 Rb4+ 51.Kg3 Rb3+ 52.Kg2 Rb4 53.f3 e5
54.Kg3 Rb3 55.Rf6 e4 56.h5 exf3 57.h6+ Kg8 58.Rxf3 Rb7 59.Kg4 Kh7 60.Rf6 
Rb4+ 61.Rf4 Rb7 62.Kf5 Kg8 63.Re4 Rb5+ 64.Re5 Rb8 65.Rd5 Ra8 66.Rd6 Ra1 
67.Rd8+ Kh7 68.Rd4 Kg8 69.Rd8+ Kh7 70.Rf8 Rf1+ 71.Ke5 Rf2 72.Rc8 Rg2 73.
Kf6 Rf2+ 74.Ke5 Rg2 75.Kf5 Rf2+ 76.Ke4 Rg2 77.Kf4 Rf2+ 78.Ke4 Rg2 79.Kf4 
Rf2+ 80.Kg3 Rf1 81.Rd8 Rf5 82.Kg4 Rf1 83.Rd4 Rg1+ 84.Kf5 Rf1+ 85.Rf4 Ra1 
86.Kf6 Kg8 87.Rd4 Rf1+ 88.Ke5 Re1+ 89.Re4 Rg1 90.Kf5 Rf1+ 91.Rf4 Ra1 92.
Rd4 Rf1+ 93.Ke5 Re1+ 94.Kd6 Re6+ 95.Kd5 Rg6 96.Ke4 1/2-1/2

[Event "26th EUR-ch"]
[Site "Katowice POL"]
[Date "2026.04.14"]
[Round "7.188"]
[White "Galazka, Aleksander"]
[Black "Bitbol-Delaveyne, Maelan"]
[Result "0-1"]
[WhiteElo "1913"]
[BlackElo "2181"]
[EventDate "2026.04.07"]
[PlyCount "74"]

1.f4 d5 2.Nf3 Nf6 3.e3 c5 4.b3 g6 5.Bb2 Bg7 6.Be2 O-O 7.O-O Nc6 8.d3 b6 9.
Nbd2 Ng4 10.Bxg7 Nxe3 11.Qc1 Kxg7 12.Qb2+ d4 13.Rfe1 Qc7 14.Ne5 Bb7 15.Bf3
Nxe5 16.fxe5 Bxf3 17.Nxf3 f6 18.c3 dxc3 19.Qxc3 Nd5 20.Qc4 Qd7 21.d4 Rac8 
22.exf6+ exf6 23.dxc5 Rxc5 24.Qd4 Qf5 25.Qa4 Rc2 26.Qxa7+ Rf7 27.Qa4 Nf4 
28.Qe4 Rxg2+ 29.Kh1 Qg4 30.Nd4 Rf2 31.Re3 Qh4 32.h3 Kh6 33.Rg1 f5 34.Qe8 
Nxh3 35.Nf3 Rxf3 36.Rxg6+ hxg6 37.Rxf3 Ng5+ 0-1

[Event "26th EUR-ch"]
[Site "Katowice POL"]
[Date "2026.04.14"]
[Round "7.189"]
[White "Ivanauskas, Deividas"]
[Black "Pasti, Zsombor"]
[Result "1/2-1/2"]
[WhiteElo "1883"]
[BlackElo "2180"]
[EventDate "2026.04.07"]
[PlyCount "119"]

1.e4 e5 2.Nf3 Nc6 3.Bc4 Bc5 4.c3 Nf6 5.d4 exd4 6.b4 Bb6 7.e5 d5 8.exf6 
dxc4 9.Qe2+ Be6 10.b5 Na5 11.fxg7 Rg8 12.cxd4 Rxg7 13.Nc3 Bxd4 14.Bb2 Rxg2
15.Rd1 Rxf2 16.Qe4 Rxb2 17.Rxd4 Qe7 18.Rg1 f5 19.Qe5 Bf7 20.Rg7 Kf8 21.
Rxf7+ Kxf7 22.Ng5+ Ke8 23.Ne6 c6 24.Qxf5 Qf7 25.Nc7+ Kf8 26.Ne6+ Ke8 27.
Nc7+ Kf8 28.Qc5+ Qe7+ 29.Ne6+ Ke8 30.Qh5+ Qf7 31.Nc7+ Kf8 32.Rf4 Re8+ 33.
Kd1 Rd2+ 34.Kc1 Re1+ 35.Kxd2 Qxf4+ 36.Kxe1 Qxc7 37.bxc6 Nxc6 38.Qh6+ Qg7 
39.Qf4+ Qf7 40.Qh6+ Ke8 41.Ne4 Qe7 42.Qxh7 Qxh7 43.Nf6+ Ke7 44.Nxh7 Nd4 
45.Ng5 Kf6 46.h4 Kf5 47.Kd2 b5 48.Nf7 Ke6 49.Nd8+ Kd7 50.Nf7 Nf3+ 51.Kc3 
Nxh4 52.a4 a6 53.axb5 axb5 54.Ne5+ Kd6 55.Nxc4+ Kc5 56.Nb2 Nf5 57.Nd3+ Kb6
58.Kb4 Ne7 59.Nb2 Nc6+ 60.Kb3 1/2-1/2

[Event "26th EUR-ch"]
[Site "Katowice POL"]
[Date "2026.04.14"]
[Round "7.190"]
[White "Zieba, Franciszek"]
[Black "Sliwicki, Damian"]
[Result "1/2-1/2"]
[WhiteElo "1846"]
[BlackElo "2176"]
[EventDate "2026.04.07"]
[PlyCount "100"]

1.e4 c5 2.Nf3 Nc6 3.d4 cxd4 4.Nxd4 g6 5.c4 Nf6 6.Nc3 d6 7.Be2 Nxd4 8.Qxd4 
Bg7 9.O-O O-O 10.Qd3 Qa5 11.Bd2 Qb6 12.b3 Bd7 13.Be3 Qa5 14.Rac1 a6 15.f3 
Rac8 16.a4 Bc6 17.Nd5 Bxd5 18.cxd5 Nd7 19.g3 Qb4 20.Rc4 Qa3 21.Qc2 Rxc4 
22.Qxc4 Qb2 23.Rc1 Nc5 24.Bxc5 dxc5 25.Rc2 Qa3 26.f4 Bd4+ 27.Kg2 Rb8 28.e5
b5 29.axb5 axb5 30.Qd3 Qa5 31.Qf3 Rd8 32.Qf1 Rxd5 33.Bxb5 Rd8 34.Bc4 e6 
35.Re2 Ra8 36.Qf3 Qd8 37.Qe4 Kg7 38.Qb7 Kg8 39.Qe4 Ra7 40.Re1 Kg7 41.Re2 
h5 42.h4 Qa5 43.Qb1 Ra8 44.Kh2 Qa7 45.b4 Qb6 46.b5 Ra1 47.Qe4 Qa5 48.Qb7 
Kg8 49.Qc8+ Kg7 50.Qb7 Kg8 1/2-1/2

[Event "26th EUR-ch"]
[Site "Katowice POL"]
[Date "2026.04.14"]
[Round "7.191"]
[White "Karsay, Pascal"]
[Black "Zuqanov, Ali"]
[Result "1-0"]
[WhiteElo "2412"]
[BlackElo "2015"]
[EventDate "2026.04.07"]
[PlyCount "51"]

1.c4 Nf6 2.Nc3 g6 3.e4 d6 4.d4 Bg7 5.Be2 O-O 6.h4 h5 7.Bg5 Nbd7 8.Nf3 c5 
9.d5 a6 10.O-O Rb8 11.a4 Ng4 12.Qd2 Nde5 13.Ne1 Kh7 14.Nc2 Bh6 15.f4 Bxg5 
16.hxg5 Nd7 17.Bxg4 hxg4 18.Ne3 f6 19.Nxg4 Qb6 20.f5 Ne5 21.Nxe5 dxe5 22.
Rf3 Rh8 23.Raf1 Bd7 24.fxg6+ Kxg6 25.gxf6 exf6 26.d6 1-0

[Event "26th EUR-ch"]
[Site "Katowice POL"]
[Date "2026.04.14"]
[Round "7.192"]
[White "Radzikowski, Dawid"]
[Black "Yasmo, Daniil"]
[Result "0-1"]
[WhiteElo "2007"]
[BlackElo "2271"]
[EventDate "2026.04.07"]
[PlyCount "78"]

1.e4 c5 2.Nc3 Nc6 3.d3 g6 4.Be3 d6 5.Qd2 Bg7 6.g3 b5 7.Bg2 b4 8.Nd1 Rb8 9.
h3 a5 10.Rc1 Ba6 11.f4 a4 12.Ne2 a3 13.b3 e5 14.O-O exf4 15.gxf4 Nge7 16.
f5 Be5 17.Nf2 h5 18.h4 Nd4 19.Nh3 gxf5 20.Bxd4 cxd4 21.exf5 Rg8 22.Ng5 Bb7
23.Ne4 Nd5 24.f6 Ne3 25.Rf2 Qc8 26.Nxd4 Nxg2 27.Nf5 Nxh4+ 28.Ng7+ Kd8 29.
Qxb4 Bxe4 30.Qxe4 Qg4+ 31.Qxg4 hxg4 32.c3 g3 33.Rff1 g2 34.Rf2 Rc8 35.c4 
Bd4 36.Rc2 Rc5 37.Kh2 Rg5 38.Rxg2 Rxg2+ 39.Rxg2 Nxg2 0-1

[Event "26th EUR-ch"]
[Site "Katowice POL"]
[Date "2026.04.14"]
[Round "7.193"]
[White "Topencik, Bruno"]
[Black "Stierhof, Michael"]
[Result "1-0"]
[WhiteElo "2265"]
[BlackElo "1993"]
[EventDate "2026.04.07"]
[PlyCount "131"]

1.d4 Nf6 2.c4 c5 3.d5 b5 4.cxb5 a6 5.bxa6 Bxa6 6.Nc3 d6 7.e4 Bxf1 8.Kxf1 
g6 9.g3 Bg7 10.Kg2 O-O 11.Nf3 Nbd7 12.a4 Qb6 13.Qc2 Rfb8 14.Nb5 Ne8 15.Bd2
Nc7 16.Nxc7 Qxc7 17.Rab1 Qa7 18.b3 Rb7 19.Rhc1 Rab8 20.Bf4 Rb4 21.Nd2 Nb6 
22.Qd3 Qb7 23.Kg1 Bd4 24.Be3 Bxe3 25.Qxe3 Qa6 26.Ra1 Nd7 27.Rc3 Rd4 28.Nc4
Nf6 29.f3 Nd7 30.Rac1 f6 31.Na3 Rdb4 32.Nb5 Rb7 33.Kg2 Qa8 34.Qe2 Nb8 35.
Qe3 Na6 36.Rc4 Rxc4 37.Rxc4 Nc7 38.Na3 Qb8 39.Rc3 Qa8 40.Nc4 Rb4 41.Rd3 
Qa6 42.f4 Qa8 43.Qf3 Rb8 44.h4 Rd8 45.h5 Kg7 46.Rd1 Rf8 47.hxg6 hxg6 48.f5
g5 49.Rh1 Rh8 50.Rxh8 Qxh8 51.Na5 Na6 52.Nc6 Qe8 53.Qe2 Nc7 54.a5 Kh6 55.
Qd1 Na6 56.Qe2 Nc7 57.Kg1 Kg7 58.a6 Qh8 59.Kg2 Kf7 60.a7 Ke8 61.Qa6 Kd7 
62.Nb8+ Kd8 63.a8=Q Nxa8 64.Qxa8 Qh5 65.Nc6+ Kc7 66.Qb8+ 1-0

[Event "26th EUR-ch"]
[Site "Katowice POL"]
[Date "2026.04.14"]
[Round "7.194"]
[White "Malecki, Rafal"]
[Black "Celik, Ali Alper"]
[Result "0-1"]
[WhiteElo "1992"]
[BlackElo "2256"]
[EventDate "2026.04.07"]
[PlyCount "54"]

1.Nf3 c5 2.g3 Nc6 3.Bg2 g6 4.O-O Bg7 5.d3 d6 6.e4 e5 7.Nbd2 Nge7 8.c3 O-O 
9.a4 h6 10.Ne1 Be6 11.f4 f5 12.Nc2 d5 13.exf5 Bxf5 14.Nf3 exf4 15.gxf4 Bg4
16.Ne3 Bh5 17.Qb3 Kh7 18.Ne5 Nxe5 19.fxe5 Rxf1+ 20.Kxf1 Nc6 21.Qxb7 Nxe5 
22.Nxd5 Qf8+ 23.Kg1 Bf3 24.Bf4 Rb8 25.Nf6+ Qxf6 26.Bxe5 Bxb7 27.Bxf6 Bxf6 
0-1

[Event "26th EUR-ch"]
[Site "Katowice POL"]
[Date "2026.04.14"]
[Round "7.195"]
[White "Brozyna, Mateusz"]
[Black "Dovzhenko, Oleksandr"]
[Result "1-0"]
[WhiteElo "2242"]
[BlackElo "1990"]
[EventDate "2026.04.07"]
[PlyCount "119"]

1.e4 c5 2.Nf3 d6 3.d4 cxd4 4.Nxd4 a6 5.Nc3 Nf6 6.f3 e6 7.Be3 b5 8.Qd2 Be7 
9.g4 Bb7 10.g5 Nfd7 11.a3 Nc6 12.h4 Rc8 13.Nxc6 Rxc6 14.f4 Nb6 15.Bd4 e5 
16.Bxb6 Qxb6 17.Nd5 Qc5 18.Bd3 Rc8 19.Nxe7 Kxe7 20.O-O-O exf4 21.Rhf1 Qe3 
22.Rxf4 Qxd2+ 23.Kxd2 Rhf8 24.Rdf1 Rc5 25.Ke3 Re5 26.Kd4 f6 27.Rf5 Bc8 28.
gxf6+ gxf6 29.R5f4 Be6 30.b4 Rf7 31.a4 Bd7 32.axb5 axb5 33.Ra1 Rg7 34.Ra7 
Rg1 35.Be2 h5 36.Rf5 Rb1 37.c3 Re1 38.Rf2 f5 39.Ke3 Kd8 40.Kd2 Rh1 41.exf5
Bxf5 42.Bd3 Bd7 43.Bg6 Be8 44.Rf8 Rh2+ 45.Kd1 Rh1+ 46.Kc2 Rh2+ 47.Kb3 Rhe2
48.Rh8 d5 49.Bd3 R2e3 50.Bxb5 d4 51.Rxe8+ Rxe8 52.Ra8+ Kc7 53.Rxe8 Rxc3+ 
54.Ka4 Rh3 55.Re4 d3 56.Rd4 d2 57.Be2 Rh1 58.Rxd2 Rxh4 59.Rd5 Rh2 60.Bxh5 
1-0

[Event "26th EUR-ch"]
[Site "Katowice POL"]
[Date "2026.04.14"]
[Round "7.196"]
[White "Zabawski, Grzegorz"]
[Black "Krasniewski, Maciej"]
[Result "1/2-1/2"]
[WhiteElo "1984"]
[BlackElo "2227"]
[EventDate "2026.04.07"]
[PlyCount "74"]

1.e4 c5 2.Nf3 Nc6 3.Bb5 g6 4.Bxc6 bxc6 5.O-O Bg7 6.Re1 Qc7 7.c3 d6 8.h3 
Nf6 9.d4 cxd4 10.cxd4 O-O 11.Nc3 Rb8 12.Rb1 Rd8 13.Qe2 c5 14.Be3 Qa5 15.e5
dxe5 16.Nxe5 Bb7 17.dxc5 Ne4 18.Nc4 Qa6 19.Nxe4 Bxe4 20.Rbd1 Bd5 21.b3 
Rbc8 22.Qg4 h5 23.Qe2 Bc3 24.Rf1 Bb4 25.Bd4 Be6 26.Qe5 f6 27.Qe4 Kf7 28.
Rfe1 Bxe1 29.Rxe1 Re8 30.Qf4 Bxc4 31.bxc4 Qxc4 32.Qh6 Rh8 33.Qf4 Rc6 34.
Rxe7+ Kxe7 35.Bxf6+ Rxf6 36.Qxc4 Rd8 37.c6 Rc8 1/2-1/2

[Event "26th EUR-ch"]
[Site "Katowice POL"]
[Date "2026.04.14"]
[Round "7.197"]
[White "Tymrakiewicz, Rafal"]
[Black "Smolinski, Wojciech"]
[Result "1/2-1/2"]
[WhiteElo "2216"]
[BlackElo "1989"]
[EventDate "2026.04.07"]
[PlyCount "68"]

1.d4 Nf6 2.c4 e6 3.Nf3 d5 4.Nc3 Bb4 5.cxd5 exd5 6.Bg5 h6 7.Bxf6 Qxf6 8.a3 
Bxc3+ 9.bxc3 O-O 10.e3 c5 11.Be2 Nc6 12.O-O Be6 13.Qa4 Rac8 14.Rfc1 Qe7 
15.Nd2 b6 16.Re1 Rfd8 17.Nf3 Bg4 18.h3 Bh5 19.Rac1 Na5 20.Rcd1 Nc4 21.Ra1 
Rc7 22.Ra2 Qf6 23.Bxc4 Bxf3 24.Bf1 Qg5 25.Kh1 Be4 26.Qd1 h5 27.Qd2 cxd4 
28.Qxd4 Rc5 29.f3 Bg6 30.a4 Rdc8 31.Ra3 Qg3 32.Qd2 Qe5 33.Rc1 Re8 34.Re1 
Rec8 1/2-1/2

[Event "26th EUR-ch"]
[Site "Katowice POL"]
[Date "2026.04.14"]
[Round "7.198"]
[White "Rozhok, Oleksii"]
[Black "Kosmas-Lekkas, Dimitrios"]
[Result "0-1"]
[WhiteElo "1979"]
[BlackElo "2195"]
[EventDate "2026.04.07"]
[PlyCount "90"]

1.e4 e6 2.d4 d5 3.Nd2 c5 4.dxc5 Bxc5 5.Bd3 Nc6 6.Ngf3 Nf6 7.Qe2 Nb4 8.O-O 
Nxd3 9.cxd3 Bd7 10.e5 Ng8 11.Nb3 Bb6 12.a4 Ne7 13.Nbd4 h6 14.Bd2 g5 15.Bc3
Rg8 16.Kh1 Nf5 17.Nxf5 exf5 18.a5 Bc5 19.b4 g4 20.bxc5 gxf3 21.gxf3 Qh4 
22.e6 Bxe6 23.Be5 f4 24.d4 a6 25.Rg1 Rg5 26.Rxg5 hxg5 27.Rb1 Qh3 28.Rg1 f6
29.Bxf6 Kf7 30.Rxg5 Rg8 31.Rxg8 Kxg8 32.Bg5 Bd7 33.Bxf4 Bb5 34.Qe1 Qxf3+ 
35.Kg1 Qxf4 36.Qe6+ Kg7 37.Qe5+ Qxe5 38.dxe5 Kg6 39.Kg2 Kf5 40.Kf3 d4 41.
e6 Kxe6 42.Ke4 d3 43.Ke3 Kd5 44.h4 Kc4 45.Kd2 Bd7 0-1

[Event "26th EUR-ch"]
[Site "Katowice POL"]
[Date "2026.04.14"]
[Round "7.199"]
[White "Iordache, Alexia-Andreea"]
[Black "Kulpa, Zuzanna"]
[Result "1/2-1/2"]
[WhiteElo "2181"]
[BlackElo "1979"]
[EventDate "2026.04.07"]
[PlyCount "150"]

1.e4 c6 2.d4 d5 3.Nd2 dxe4 4.Nxe4 Bf5 5.Ng3 Bg6 6.h4 h6 7.Nf3 Nd7 8.Bd3 
Bxd3 9.Qxd3 e6 10.Bf4 Qa5+ 11.Bd2 Qc7 12.O-O-O Ngf6 13.Kb1 O-O-O 14.Qe2 
Bd6 15.Ne4 Nxe4 16.Qxe4 Nf6 17.Qe2 Kb8 18.g3 Nd7 19.c4 c5 20.Bc3 Rhg8 21.
Rd2 Kc8 22.Rhd1 Nb6 23.Ba5 Qc6 24.Ka1 Qa4 25.Bxb6 axb6 26.d5 Rge8 27.Qd3 
Kc7 28.Qc3 e5 29.Qb3 Qxb3 30.axb3 e4 31.Ne1 e3 32.Re2 exf2 33.Rxf2 Bxg3 
34.Rxf7+ Rd7 35.Rxd7+ Kxd7 36.Nf3 Re3 37.Rf1 Rxb3 38.Kb1 Re3 39.h5 Bd6 40.
Kc2 Re2+ 41.Kd3 Rg2 42.Nh4 Rg3+ 43.Rf3 Rg4 44.Ng6 Rg5 45.Rf7+ Kc8 46.Rxg7 
Rxh5 47.Rh7 b5 48.b3 Rh3+ 49.Kc2 Rh2+ 50.Kb1 bxc4 51.bxc4 h5 52.Nh8 h4 53.
Nf7 Bg3 54.Ng5 Re2 55.Ne6 b6 56.Rh8+ Kd7 57.Nf8+ Kc7 58.Rh7+ Kd8 59.Ne6+ 
Kc8 60.Rh8+ Kd7 61.Nf8+ Kc7 62.Rh7+ Kc8 63.Nd7 Bc7 64.d6 Rd2 65.Nxc5 Rxd6 
66.Na6 Rc6 67.Nxc7 Rxc7 68.Rxh4 Kb7 69.Kb2 Rd7 70.Kc3 Rd6 71.Kb4 Kc6 72.
Rh8 Rg6 73.Rf8 Re6 74.Rc8+ Kb7 75.Rh8 Kc6 1/2-1/2

[Event "26th EUR-ch"]
[Site "Katowice POL"]
[Date "2026.04.14"]
[Round "7.200"]
[White "Modzelewski, Filip"]
[Black "Bachor, Tomasz"]
[Result "0-1"]
[WhiteElo "1971"]
[BlackElo "2178"]
[EventDate "2026.04.07"]
[PlyCount "64"]

1.d4 c5 2.Nf3 cxd4 3.c3 Nf6 4.cxd4 g6 5.Nc3 Bg7 6.e4 d5 7.e5 Ne4 8.Nxe4 
dxe4 9.Ng5 Nc6 10.Be3 Qa5+ 11.Qd2 Qxd2+ 12.Kxd2 O-O 13.Nxe4 Rd8 14.f4 Nxd4
15.Bxd4 Rxd4+ 16.Ke3 Rb4 17.b3 Be6 18.Be2 Bd5 19.Bf3 a5 20.Rhd1 Bc6 21.Nc3
g5 22.g3 Bh6 23.Be4 gxf4+ 24.gxf4 a4 25.Rab1 axb3 26.axb3 f5 27.exf6 exf6 
28.Bd5+ Kf8 29.Rg1 Rxf4 30.Kd3 Bxd5 31.Nxd5 Rd8 32.Kc3 Rxd5 0-1

[Event "26th EUR-ch"]
[Site "Katowice POL"]
[Date "2026.04.14"]
[Round "7.201"]
[White "Sertbay, Huseyin"]
[Black "Spyra, Piotr"]
[Result "0-1"]
[WhiteElo "2171"]
[BlackElo "1975"]
[EventDate "2026.04.07"]
[PlyCount "72"]

1.d4 Nf6 2.c4 e6 3.Nf3 Bb4+ 4.Nbd2 d6 5.e3 O-O 6.a3 Bxd2+ 7.Bxd2 Nbd7 8.
Qc2 b6 9.Bd3 c5 10.O-O Bb7 11.Bc3 Rc8 12.Rfd1 Qe7 13.dxc5 bxc5 14.b4 e5 
15.Bf5 g6 16.Bh3 Rc7 17.b5 Ne4 18.Ba5 Nb6 19.Nd2 Ng5 20.Bg4 f5 21.Be2 f4 
22.f3 fxe3 23.Nf1 Ne6 24.Qd3 Nd4 25.Qxe3 e4 26.fxe4 Qxe4 27.Qxe4 Bxe4 28.
Ra2 Re7 29.Ng3 Bf5 30.Bf1 Bg4 31.Re1 Rxe1 32.Bxe1 Be6 33.Ne4 Rxf1+ 34.Kxf1
Bxc4+ 35.Kf2 Bxa2 36.Nxd6 Nc2 0-1

[Event "26th EUR-ch"]
[Site "Katowice POL"]
[Date "2026.04.14"]
[Round "7.202"]
[White "Witczak, Borys"]
[Black "Amiridou, Dimitra"]
[Result "1-0"]
[WhiteElo "2160"]
[BlackElo "1965"]
[EventDate "2026.04.07"]
[PlyCount "55"]

1.d4 Nf6 2.c4 g6 3.Nc3 Bg7 4.e4 d6 5.h3 O-O 6.Be3 e5 7.d5 Na6 8.g4 Nc5 9.
f3 a5 10.Qd2 c6 11.Nge2 cxd5 12.cxd5 Bd7 13.Ng3 Rc8 14.h4 Ne8 15.h5 a4 16.
Nd1 Nc7 17.Qh2 g5 18.h6 Bf6 19.Qd2 Be7 20.Bxc5 Nxd5 21.exd5 Rxc5 22.Ne3 
Qc8 23.Bd3 Bd8 24.Ke2 Ba5 25.Qd1 Qe8 26.Ne4 f5 27.Nxc5 dxc5 28.gxf5 1-0

[Event "26th EUR-ch"]
[Site "Katowice POL"]
[Date "2026.04.14"]
[Round "7.203"]
[White "Karut, Kacper"]
[Black "Levytskyi, Liubomyr"]
[Result "1-0"]
[WhiteElo "2159"]
[BlackElo "1959"]
[EventDate "2026.04.07"]
[PlyCount "83"]

1.e4 c5 2.Nf3 d6 3.d4 cxd4 4.Qxd4 Nc6 5.Bb5 Bd7 6.Qd3 Nf6 7.Bg5 e6 8.Nc3 
Be7 9.O-O-O a6 10.Bxc6 Bxc6 11.Nd4 Rc8 12.f4 h6 13.Bh4 g5 14.fxg5 Ng4 15.
g6 Bxh4 16.gxf7+ Ke7 17.Qh3 Bg5+ 18.Kb1 h5 19.e5 Qd7 20.Qg3 Be3 21.exd6+ 
Kf8 22.h3 Bxd4 23.hxg4 Bg7 24.gxh5 Rh6 25.Rhf1 b5 26.Qh4 Qd8 27.Qb4 a5 28.
Qg4 b4 29.Ne4 Bd5 30.Rd3 Bxe4 31.Qxe4 Qg5 32.Qb7 Qd8 33.g4 Rb8 34.Qa7 Ra8 
35.Qe3 Rf6 36.Re1 Ra6 37.g5 Rxf7 38.Qxe6 Ra8 39.h6 Qxg5 40.hxg7+ Qxg7 41.
d7 Re7 42.d8=Q+ 1-0

[Event "26th EUR-ch"]
[Site "Katowice POL"]
[Date "2026.04.14"]
[Round "7.204"]
[White "Rybackova, Lucie"]
[Black "Destic, Elena"]
[Result "1-0"]
[WhiteElo "2157"]
[BlackElo "1954"]
[EventDate "2026.04.07"]
[PlyCount "57"]

1.e4 c6 2.d4 d5 3.e5 Bf5 4.g4 Be4 5.f3 Bg6 6.e6 fxe6 7.h4 Nd7 8.h5 Bf7 9.
f4 Qa5+ 10.Nc3 g6 11.g5 gxh5 12.Bd3 e5 13.fxe5 Nxe5 14.dxe5 d4 15.Bd2 dxc3
16.Bxc3 Qd5 17.Nf3 e6 18.Qe2 O-O-O 19.Rh4 Bc5 20.Rf4 Bg6 21.Bc4 Qd7 22.Nd4
Bxd4 23.Rxd4 Qe7 24.Rxd8+ Kxd8 25.O-O-O+ Kc7 26.Qd2 Bf5 27.Bb4 Qe8 28.Qd6+
Kc8 29.Ba5 1-0

[Event "26th EUR-ch"]
[Site "Katowice POL"]
[Date "2026.04.14"]
[Round "7.205"]
[White "Paprocki, Jaroslaw"]
[Black "Adamczyk, Zuzanna"]
[Result "1-0"]
[WhiteElo "2136"]
[BlackElo "1950"]
[EventDate "2026.04.07"]
[PlyCount "85"]

1.c4 e6 2.Nf3 d5 3.d4 Nf6 4.e3 c6 5.Nbd2 Nbd7 6.b3 b6 7.Bb2 Bb7 8.Be2 Bd6 
9.Ne5 Qe7 10.O-O O-O 11.Qc2 c5 12.Rad1 cxd4 13.exd4 Rac8 14.Bf3 Ba3 15.
Rfe1 Bxb2 16.Qxb2 Nb8 17.Be2 Rfd8 18.Nf1 Nc6 19.Nxc6 Rxc6 20.Ne3 Rc7 21.
Bf1 Qb4 22.Nc2 Qf8 23.a4 Rdc8 24.Na3 a5 25.Nb5 Rd7 26.Qd2 Ne4 27.Qe3 Nd6 
28.c5 bxc5 29.dxc5 Ne4 30.Bd3 Nxc5 31.Bb1 g6 32.Nd4 Na6 33.h4 h5 34.Qd2 
Nb4 35.Qg5 Rd6 36.Re3 Rd7 37.Rg3 Kh8 38.Nxe6 fxe6 39.Qxg6 Rg7 40.Qxh5+ Kg8
41.Bh7+ Kh8 42.Bf5+ Kg8 43.Bxe6+ 1-0

[Event "26th EUR-ch"]
[Site "Katowice POL"]
[Date "2026.04.14"]
[Round "7.206"]
[White "Ciborowski, Konrad jr"]
[Black "Rajbharath, Harjith"]
[Result "1-0"]
[WhiteElo "1948"]
[BlackElo "2132"]
[EventDate "2026.04.07"]
[PlyCount "103"]

1.e4 e6 2.d4 d5 3.Nc3 Nf6 4.e5 Nfd7 5.f4 c5 6.Nf3 Nc6 7.Be3 a6 8.Qd2 b5 9.
dxc5 Nxc5 10.O-O-O b4 11.Ne2 Ne4 12.Qe1 Qa5 13.Kb1 Rb8 14.Nfd4 Bd7 15.Nb3 
Qc7 16.Ng3 Nxg3 17.hxg3 Na5 18.Nxa5 Qxa5 19.g4 Qc7 20.Bd4 a5 21.g5 Bc5 22.
Bxc5 Qxc5 23.g6 fxg6 24.Bd3 Qf8 25.Qh4 Kf7 26.g4 Qe7 27.Qg3 h6 28.Rdg1 Bb5
29.f5 Bxd3 30.Qxd3 g5 31.Rf1 Qe8 32.fxe6+ Kg8 33.Qxd5 Qg6 34.e7+ Kh7 35.
Rxh6+ Qxh6 36.Rh1 Qxh1+ 37.Qxh1+ Kg6 38.Qf3 Rhe8 39.Qf5+ Kh6 40.Qf7 Kh7 
41.b3 Rbc8 42.Kc1 Rb8 43.Kd2 Rbc8 44.Ke3 Rb8 45.Ke4 Rec8 46.Kf5 a4 47.bxa4
b3 48.axb3 Kh8 49.a5 Kh7 50.a6 Kh8 51.a7 Ra8 52.b4 1-0

[Event "26th EUR-ch"]
[Site "Katowice POL"]
[Date "2026.04.14"]
[Round "7.207"]
[White "Zeissel, Andrzej"]
[Black "Kaplanova, Dominika"]
[Result "1-0"]
[WhiteElo "2117"]
[BlackElo "1869"]
[EventDate "2026.04.07"]
[PlyCount "59"]

1.c4 e5 2.a3 Nf6 3.e3 c5 4.Nc3 d5 5.cxd5 Nxd5 6.Nf3 Nxc3 7.bxc3 Bd6 8.e4 
O-O 9.Bc4 Nd7 10.d3 Nb6 11.Ba2 Bd7 12.h4 Bg4 13.Bg5 Qc7 14.h5 h6 15.Be3 
Qe7 16.Qd2 Bxf3 17.gxf3 Qf6 18.Ke2 Kh7 19.Rag1 c4 20.d4 Rfc8 21.Bb1 Kh8 
22.Rg4 Nd7 23.Rhg1 Rg8 24.Qc2 Nf8 25.f4 exf4 26.e5 Qe6 27.Rxf4 Bxa3 28.Qe4
Rd8 29.Qxb7 Be7 30.Bf5 1-0